The Chronicles of Narnia : The lion, the witch, and the wardrobe / (Record no. 328)

MARC details
000 -LEADER
fixed length control field 01117nam a22003017a 4500
001 - CONTROL NUMBER
control field 328
003 - CONTROL NUMBER IDENTIFIER
control field FISKH
005 - DATE AND TIME OF LATEST TRANSACTION
control field 20231211143227.0
008 - FIXED-LENGTH DATA ELEMENTS--GENERAL INFORMATION
fixed length control field 230322b cb ||||| |||| 00| 0 eng d
020 ## - INTERNATIONAL STANDARD BOOK NUMBER
International Standard Book Number 9780545109987
040 ## - CATALOGING SOURCE
Original cataloging agency DLC
Transcribing agency DLC
Modifying agency DLC
-- FISKH
Language of cataloging eng
042 ## - AUTHENTICATION CODE
Authentication code lcac
050 00 - LIBRARY OF CONGRESS CALL NUMBER
Classification number PZ7.L58474
Item number Li 1983
082 00 - DEWEY DECIMAL CLASSIFICATION NUMBER
Classification number 813
Edition number 19
100 1# - MAIN ENTRY--PERSONAL NAME
Personal name Lewis, C. S.
Fuller form of name (Clive Staples)
Dates associated with a name 1898-1963.
Relator term author.
245 14 - TITLE STATEMENT
Title The Chronicles of Narnia : The lion, the witch, and the wardrobe /
Statement of responsibility, etc. The original novel by C.S. Lewis
260 ## - PUBLICATION, DISTRIBUTION, ETC.
Place of publication, distribution, etc. New York :
Name of publisher, distributor, etc. Scholastic.
Date of publication, distribution, etc. 2006.
300 ## - PHYSICAL DESCRIPTION
Extent viii, 183 pages :
Other physical details illustrations ;
Dimensions 20 cm
490 ## - SERIES STATEMENT
Series statement The chronicles of narnia
Volume/sequential designation v. 2
505 ## - FORMATTED CONTENTS NOTE
Formatted contents note S
520 ## - SUMMARY, ETC.
Summary, etc. Four English school children find their way through the back of a wardrobe into the magic land of Narnia and assist Aslan, the golden lion, to triumph over the White Witch, who has cursed the land with eternal winter.
521 8# - TARGET AUDIENCE NOTE
Target audience note 940 <br/>
Source Lexile
521 8# - TARGET AUDIENCE NOTE
Target audience note S <br/>
Source Raz-Plus
650 #1 - SUBJECT ADDED ENTRY--TOPICAL TERM
Topical term or geographic name entry element Fantasy.
700 1# - ADDED ENTRY--PERSONAL NAME
Personal name Hague, Michael,
Relator term ill.
906 ## - LOCAL DATA ELEMENT F, LDF (RLIN)
a 7
b cbc
c orignew
d 1
e opcn
f 19
g y-gencatlg
942 ## - ADDED ENTRY ELEMENTS (KOHA)
Source of classification or shelving scheme Dewey Decimal Classification
Koha item type Books
Suppress in OPAC No
Holdings
Withdrawn status Lost status Source of classification or shelving scheme Damaged status Not for loan Collection Home library Current library Shelving location Date acquired Total Checkouts Full call number Barcode Date last seen Date last checked out Copy number Price effective from Koha item type
    Dewey Decimal Classification     Fiction Footprints International School Library Network Toul Kork Campus Footprints International School Library Network Toul Kork Campus   03/22/2023 3 LEW 813 PZ7.L58474 FISTK05407 04/20/2026 01/12/2024 1 03/22/2023 Books
    Dewey Decimal Classification     Fiction Footprints International School Library Network Toul Kork Campus Footprints International School Library Network Toul Kork Campus   03/22/2023   LEW 813 PZ7.L58474 FISTK04965 04/20/2026   2 03/22/2023 Books